Pozycja Topical Term
Liczba rekordów, w których użyto hasła: 1
001 - Numer kontrolny
- control field: 39381
003 - Identyfikator numeru kontrolnego
- control field: NUKAT
005 - Data i czas ostatniej modyfikacji
- control field: 20260401002654.0
008 - Dane kontrolne kodowane (40 znaków)
- fixed length control field: 050120n||azznnbabn |a ana |
010 ## - Numer kontrolny Biblioteki Kongresu
- numer kontrolny LC: p 2004322915
035 ## - Numer systemowy
- numer systemowy: a12535436
035 ## - Numer systemowy
- numer systemowy: (PL)a0000001253543
040 ## - Instytucja sporządzająca rekord
- inst. przygot. dane do rek. khw: WA N
- język haseł przedmiotowych/tezaurus: DBN
- inst. wprow. rek. khw: WA N
072 ## - Kod kategorii przedmiotu
- kod kategorii przedmiotu: 8
150 ## - Hasło - nazwa pospolita
- nazwa posp. lub nazwa geogr. na pocz.: Ścieżki edukacyjne
450 ## - Trop zob. - nazwa pospolita
- nazwa posp. lub nazwa geogr. na pocz.: Ścieżki dydaktyczne
450 ## - Trop zob. - nazwa pospolita
- nazwa posp. lub nazwa geogr. na pocz.: Ścieżki międzyprzedmiotowe
550 ## - Trop zob. też - nazwa pospolita
- podpole kontrolne: g
- nazwa posp. lub nazwa geogr. na pocz.: Metody nauczania
550 ## - Trop zob. też - nazwa pospolita
- podpole kontrolne: h
- nazwa posp. lub nazwa geogr. na pocz.: Edukacja ekologiczna
550 ## - Trop zob. też - nazwa pospolita
- podpole kontrolne: h
- nazwa posp. lub nazwa geogr. na pocz.: Edukacja ekonomiczna
550 ## - Trop zob. też - nazwa pospolita
- podpole kontrolne: h
- nazwa posp. lub nazwa geogr. na pocz.: Edukacja europejska
550 ## - Trop zob. też - nazwa pospolita
- podpole kontrolne: h
- nazwa posp. lub nazwa geogr. na pocz.: Edukacja filmowa
550 ## - Trop zob. też - nazwa pospolita
- podpole kontrolne: h
- nazwa posp. lub nazwa geogr. na pocz.: Edukacja filozoficzna
550 ## - Trop zob. też - nazwa pospolita
- podpole kontrolne: h
- nazwa posp. lub nazwa geogr. na pocz.: Edukacja medialna
550 ## - Trop zob. też - nazwa pospolita
- podpole kontrolne: h
- nazwa posp. lub nazwa geogr. na pocz.: Edukacja regionalna
550 ## - Trop zob. też - nazwa pospolita
- podpole kontrolne: h
- nazwa posp. lub nazwa geogr. na pocz.: Edukacja teatralna
550 ## - Trop zob. też - nazwa pospolita
- podpole kontrolne: h
- nazwa posp. lub nazwa geogr. na pocz.: Edukacja prozdrowotna
550 ## - Trop zob. też - nazwa pospolita
- podpole kontrolne: h
- nazwa posp. lub nazwa geogr. na pocz.: Park Dinozaurów Leśna Ścieżka Edukacyjna (Nowiny Wielkie ; obszar)
550 ## - Trop zob. też - nazwa pospolita
- podpole kontrolne: h
- nazwa posp. lub nazwa geogr. na pocz.: Polodowcowa Kraina Drawy i Dębnicy (ścieżka edukacyjna)
682 ## - Informacja o usuniętym haśle
- tekst wyjaśniający: zatwierdzone